| 000 -LEADER |
| fixed length control field |
01100nam a22003377a 4500 |
| 001 - CONTROL NUMBER |
| control field |
1963506 |
| 003 - CONTROL NUMBER IDENTIFIER |
| control field |
OSt |
| 005 - DATE AND TIME OF LATEST TRANSACTION |
| control field |
20210426100320.0 |
| 008 - FIXED-LENGTH DATA ELEMENTS--GENERAL INFORMATION |
| fixed length control field |
880224s1988 cau 000 1 eng |
| 010 ## - LIBRARY OF CONGRESS CONTROL NUMBER |
| LC control number |
88002279 |
| 020 ## - INTERNATIONAL STANDARD BOOK NUMBER |
| International Standard Book Number |
0151694753 |
| 040 ## - CATALOGING SOURCE |
| Original cataloging agency |
DLC |
| Transcribing agency |
DLC |
| Modifying agency |
DLC |
| Language of cataloging |
eng |
| 041 1# - LANGUAGE CODE |
| Language code of text/sound track or separate title |
engfre |
| 050 00 - LIBRARY OF CONGRESS CALL NUMBER |
| Classification number |
PQ2637.I53 |
| Item number |
B6413 1988 |
| 080 ## - UNIVERSAL DECIMAL CLASSIFICATION NUMBER |
| Universal Decimal Classification number |
821.111 |
| Item number |
S-61 |
| 082 00 - DEWEY DECIMAL CLASSIFICATION NUMBER |
| Classification number |
843/.912 |
| Edition number |
19 |
| 100 1# - MAIN ENTRY--PERSONAL NAME |
| Personal name |
Simenon, Georges, |
| Dates associated with a name |
1903-1989. |
| 240 10 - UNIFORM TITLE |
| Uniform title |
Boule noire. |
| Language of a work |
English |
| 245 14 - TITLE STATEMENT |
| Title |
The rules of the game / |
| Statement of responsibility, etc. |
Georges Simenon ; translated by Howard Curtis. |
| Remainder of title |
/ by: Harcourt Brace Jovanovich Publishers |
| 250 ## - EDITION STATEMENT |
| Edition statement |
1st edition |
| 260 ## - PUBLICATION, DISTRIBUTION, ETC. |
| Place of publication, distribution, etc. |
San Diego |
| Name of publisher, distributor, etc. |
Harcourt Brace Jovanovich Publishers |
| Date of publication, distribution, etc. |
c1988. |
| 300 ## - PHYSICAL DESCRIPTION |
| Extent |
154 p. |
| Dimensions |
22 cm. |
| 365 ## - TRADE PRICE |
| Price amount |
18.95 usd |
| 500 ## - GENERAL NOTE |
| General note |
Translation of: La boule noire. |
| 500 ## - GENERAL NOTE |
| General note |
"A Helen and Kurt Wolff book." |
| 650 #0 - SUBJECT ADDED ENTRY--TOPICAL TERM |
| 9 (RLIN) |
254 |
| Topical term or geographic name entry element |
English literature |
| 653 ## - INDEX TERM--UNCONTROLLED |
| Uncontrolled term |
ინგლისური ლიტერატურა |
| 700 ## - ADDED ENTRY--PERSONAL NAME |
| 9 (RLIN) |
812 |
| Personal name |
Curtis, Howard |
| Relator term |
Translator |
| 906 ## - LOCAL DATA ELEMENT F, LDF (RLIN) |
| a |
7 |
| b |
cbc |
| c |
orignew |
| d |
1 |
| e |
ocip |
| f |
19 |
| g |
y-gencatlg |
| 942 ## - ADDED ENTRY ELEMENTS (KOHA) |
| Source of classification or shelving scheme |
|
| Koha item type |
Books |
| Edition |
1 |